00380nam a22001337a 4500003000400000008004100004020001800045082001600063100006100079245005000140250001200190260003500202300000900237OSt260225b |||||||| |||| 00| 0 eng d a9788175053854 a294.555 VIC aAdvaita Ashrama (Publication Hourse of Ramakrishna Math) aThe Complete works of Swami Vivekananda Vol.3 a13th Ed aKolkatabAdvaita Ashramac2024 a592p